000 00325nam a2200133 a 4500
005 20140414131918.0
008 101020s19uu xx 00 eng d
050 _aER
_bW56 1990
100 _aJohnson, Angela
245 _aWhen I am old with you.
260 _bOrchard,
_c1990.
_aNew York :
440 _a
999 _c111583
_d111583